Komunálna politika na Slovensku

Postavenie a význam komunálnej politiky. Faktory ovplyvňujúce komunálnu politiku. Funkcie a kompetencie miestnych samospráv. Ciele a nástroje komunálnej politiky. Finančné nástroje, infraštruktúrne nástroje, informačné nástroje. Nedostatky komunálnej politiky.

Gespeichert in:
Bibliographische Detailangaben
1. Verfasser: Hrašková, Dagmar
Format: Buchkapitel
Sprache:Slowakisch
Schlagworte:
Tags: Tag hinzufügen
Keine Tags, Fügen Sie das erste Tag hinzu!

MARC

LEADER 00000naa$a2200000$$$4500
001 0074507
005 20231013072003.6
041 0 |a slo 
044 |a SK 
245 1 0 |a Komunálna politika na Slovensku  |c Dagmar Hrašková 
520 |a Postavenie a význam komunálnej politiky. Faktory ovplyvňujúce komunálnu politiku. Funkcie a kompetencie miestnych samospráv. Ciele a nástroje komunálnej politiky. Finančné nástroje, infraštruktúrne nástroje, informačné nástroje. Nedostatky komunálnej politiky. 
610 2 0 |a politika komunálna 
610 2 0 |a samospráva miestna 
610 2 0 |a kompetencie 
610 2 0 |a nástroje finančné 
610 2 0 |a infraštruktúra 
610 2 0 |a informácie 
610 2 0 |a Slovensko 
100 1 |a Hrašková, Dagmar